000 00283nam a2200121Ia 4500
008 221030s9999 xx 000 0 und d
041 _aEnglish
100 _aS. Kevin
245 0 _aSecurity Analysis & Portfolio Management
_cby S. Kevin
260 _c0
650 _aMb
942 _cBK
999 _c17088
_d17088